Tám chữ Hà Lạc và quỹ đạo đời người : (Chân dung nhà văn soi chiếu bằng Hà Lạc) . Những bài giảng thực hành /

Na minha lista:
Detalhes bibliográficos
Autor principal: Xuân Cang
Formato: Sách giấy
Idioma:Vietnamese
Publicado em: Hà Nội : Văn hóa , 2000
Tags: Adicionar Tag
Sem tags, seja o primeiro a adicionar uma tag!
Thư viện lưu trữ: Thư viện Trường Đại học Đà Lạt
LEADER 00684nam a2200253 4500
001 DLU020014786
005 ##7/7/2000
020 # # |a 978- 
041 # # |a vie 
082 # # |a 181.11  |b XU-C 
090 # # |a 181.11  |b XU-C 
100 # # |a Xuân Cang 
245 # # |a Tám chữ Hà Lạc và quỹ đạo đời người :  |b (Chân dung nhà văn soi chiếu bằng Hà Lạc) .  |n Những bài giảng thực hành /  |c Xuân Cang 
260 # # |a Hà Nội :  |b Văn hóa ,  |c 2000 
300 # # |a 606 tr.;   |c 19 cm. 
992 # # |a 55000 
994 # # |a DLU 
900 # # |a False 
911 # # |a Administrator 
925 # # |a G 
926 # # |a A 
927 # # |a SH 
980 # # |a Thư viện Trường Đại học Đà Lạt